| 000 | 01107cab a2200325 4500 | ||
|---|---|---|---|
| 001 | ABS51709 | ||
| 008 | 090401t1994 xxu||||| |||| 00| 0 eng d | ||
| 035 | _a(Sirsi) u41033 | ||
| 041 | _aeng | ||
| 100 | _aKeeler, D. | ||
| 245 | _aLike lambs to the slaughter | ||
| 260 | _c1994 | ||
| 350 | _a0 | ||
| 490 |
_aBusiness Age _v94(50) November 1994, 45-46(2) |
||
| 520 | _aCondemns pension funds, with the exception of Postel and Scottish Amicable, for failing to read the property market and cash in on the revival of the London market. Concedes difficulties for property managers in obtaining approval from funds for finance for acquisitions. | ||
| 650 | _aHUNTER D. | ||
| 650 | _aINSTITUTIONAL INVESTMENT | ||
| 650 | _aLONDON | ||
| 650 | _aNORWICH UNION | ||
| 650 | _aPENSION FUNDS | ||
| 650 | _aPOSTEL | ||
| 650 | _aPROPERTY MARKET | ||
| 650 | _aROSS GOOBEY A. | ||
| 650 | _aSCOTTISH AMICABLE | ||
| 650 | _aSPECULATIVE DEVELOPMENT | ||
| 650 | _aSUN LIFE | ||
| 690 | _aPROPERTY-COMMERCIAL PROPERTY-COMMERCIAL PROPERTY FINANCE AND INVESTMENT | ||
| 942 | _n0 | ||
| 948 | _c04/03/1997 | ||
| 999 |
_c26334 _d26334 |
||